Zélia, umma paixáo
Guardado en:
| Autor principal: | |
|---|---|
| Formato: | Libro |
| Lenguaje: | portugués |
| Publicado: |
Río de Janeiro
Record
1991
|
| Edición: | 8a. ed |
| Materias: | |
| Etiquetas: |
Agregar Etiqueta
Sin Etiquetas, Sea el primero en etiquetar este registro!
|
MARC
| LEADER | 00000cam a2200000 a 4500 | ||
|---|---|---|---|
| 001 | UCF5874 | ||
| 003 | CL-VaPUC | ||
| 008 | 130328e19910000BL |||||||||||||||||por|d | ||
| 082 | 0 | 4 | |a 869.93 |b SAB |2 21 |
| 100 | 0 | |a Sabino, Fernando |e author |9 567859 | |
| 245 | 1 | 0 | |a Zélia, umma paixáo |
| 250 | |a 8a. ed | ||
| 300 | |a 267 p | ||
| 942 | |c BK | ||
| 945 | |d 20130328 00:00:00 |a dcastane | ||
| 260 | |a Río de Janeiro |b Record |c 1991 | ||
| 650 | 0 | |a Biografías |9 255210 | |
| 650 | 7 | |a ECONOMISTAS |2 CL-VaPUC |9 334314 | |
| 583 | |a last modification |c 20130328 10:53:00 |k Rodrigo Vera | ||
| 999 | |c 351267 |d 351265 | ||
| 952 | |0 0 |1 0 |4 0 |6 869_930000000000000_SAB_1991 |7 0 |8 A |9 455271 |a BIBEDU |b BIBEDU |d 2019-11-22 |i 4956621 |o 869.93 SAB 1991 |p 4956621 |r 2019-11-22 |w 2019-11-22 |y BK |k LIT | ||